000 00296 a2200109 4500
001 ART_20422
005 20260410161927.0
008 260409a
245 1 0 _aFunctions of Economic Geography
100 1 _aOtremba, Erich
773 0 _tEconomics
_g- Vol. 1 (ene. 1970)
_wREV20320
999 _c28265
_d28265